Moderné spôsoby spaľovania zmesi v motoroch zamerané na zníženie spotreby paliva a škodlivých emisií

Na minha lista:
Detalhes bibliográficos
Autor principal: Šomodi, Jaroslav (Author)
Outros Autores: Petrák, Peter (Thesis advisor)
Formato: Manuscrito Livro
Idioma:eslovaco
Publicado em: 2024
Assuntos:
Acesso em linha:http://is.stuba.sk/zp/portal_zp.pl?podrobnosti=168381
Tags: Adicionar Tag
Sem tags, seja o primeiro a adicionar uma tag!

MARC

LEADER 00000ntm a22000003a 4500
001 stuzp99493
003 SK-STU
005 20250304075706.1
007 ta
008 150427s2015----xo-----f-mn---000-0-slo-d
040 |a STU  |b slo 
041 0 |a slo 
100 1 |a Šomodi, Jaroslav  |u 020030  |4 aut  |U SjF Strojnícka fakulta  |T SjF Ústav automobilového inžinierstva a konštruovania  |X 115702  |U J0030  |Y 806  |7 115702 
242 0 1 |a Modern methods of combustion of the mixture in engines aimed at reducing fuel consumption and harmful emissions  |y eng 
245 1 0 |a Moderné spôsoby spaľovania zmesi v motoroch zamerané na zníženie spotreby paliva a škodlivých emisií 
260 |c 2024 
650 4 |a súčiniteľ prebytku vzduchu  |2 slo 
650 4 |a chudobná palivová zmes  |2 slo 
650 4 |a spaľovanie zmesi  |2 slo 
650 4 |a moderné vozidlové motory  |2 slo 
650 4 |a coefficient of air excess  |2 eng 
650 4 |a lean fuel mixture  |2 eng 
650 4 |a mixture combustion  |2 eng 
650 4 |a modern vehicle engines  |2 eng 
700 1 |a Petrák, Peter  |u 020030  |k Z1  |4 ths  |U SjF Strojnícka fakulta  |T SjF Ústav automobilového inžinierstva a konštruovania  |X 2414  |U J0030  |Y 806  |7 A000002414 
856 4 |u http://is.stuba.sk/zp/portal_zp.pl?podrobnosti=168381 
996 |b 284J047728  |c J* 3824/DBP  |l JJSK  |s A  |a 24  |w stuzp99493_0001